Adolescent gambling

Αποθηκεύτηκε σε:
Λεπτομέρειες βιβλιογραφικής εγγραφής
Κύριος συγγραφέας: Griffiths, Mark 1966-
Μορφή: Βιβλίο
Γλώσσα:English
Δημοσίευση: London ; New York : Routledge, c1995
Σειρά:Adolescence and society
Θέματα:
Ετικέτες: Προσθήκη ετικέτας
Δεν υπάρχουν, Καταχωρήστε ετικέτα πρώτοι!

MARC

LEADER 00000nam a2200000 i 4500
001 1/51546
008 070809s1995 eng d
020 |a 0-415-05834-1 
035 |l 10089748 
040 |a GR-MY-UA  |b gre  |e aacr 
041 0 |a eng 
082 0 |a 362.25  |2 (22) 
100 1 |a Griffiths, Mark  |d 1966- 
245 1 0 |a Adolescent gambling /  |c Mark Griffiths 
260 |a London ; New York :   |b Routledge,   |c c1995 
300 |a xiv, 304 σ.;  |c 23 εκ. 
490 1 |a Adolescence and society 
504 |a Βιβλιογραφία : σ. [269]-291 . Ευρετήριο 
650 0 0 |a Teenage gamblers  |z Great Britain. 
650 0 0 |a Gambling  |z Great Britain. 
650 0 0 |a Youth  |z Great Britain  |x Social conditions. 
650 0 0 |a Adolescent psychology  |z Great Britain. 
830 0 |a Adolescence and society 
852 |a INST  |b CHIOS  |e 20070809  |h 362.25 GRI  |p 005200025900  |q 005200025900  |t BK  |y 0 
901 |a BIBL2-2007-2 
909 |a Χ  |b 136824 
922 |a 2ΕΛΗ  |b 200707  |c ΕΠΕΑΕΚ2/ΤΔΕ  |d ΕΛΕΥΘΕΡΟΥΔΑΚΗΣ 
970 |a ΒΑΡΦΗΣ  |b ΒΑΓΓΕΛΗΣ  |z 2007/08/09